Top 100 najbardziej nadanych imion męskich w 2024 roku - Statystyki

Ogólne statystyki
  • Ten quiz został rozwiązany 96 razy
  • Średni wynik to 54 z 100
Statystyki odpowiedzi
Miejsce Liczba nadanych Imię % Poprawnych
28 1,390 Piotr
94%
3 5,277 Jan
91%
13 2,628 Adam
90%
4 5,170 Aleksander
88%
41 774 Bartosz
88%
43 732 Mateusz
85%
62 413 Kamil
84%
21 1,891 Michał
84%
57 478 Paweł
84%
8 3,938 Jakub
82%
47 656 Tomasz
82%
6 4,574 Franciszek
79%
59 448 Bartłomiej
78%
79 249 Robert
78%
12 2,722 Szymon
78%
31 1,031 Dawid
76%
11 3,097 Filip
76%
75 315 Patryk
76%
2 5,404 Antoni
75%
38 884 Dominik
75%
87 188 Łukasz
75%
10 3,644 Mikołaj
75%
9 3,715 Stanisław
75%
49 587 Daniel
74%
33 969 Krzysztof
74%
15 2,552 Wojciech
74%
26 1,638 Igor
72%
92 170 Marek
72%
1 6,388 Nikodem
72%
78 261 Damian
71%
69 355 Grzegorz
71%
48 650 Maciej
71%
84 215 Marcin
71%
77 270 Sebastian
69%
40 779 Karol
68%
20 1,993 Wiktor
68%
19 2,199 Kacper
66%
5 4,669 Leon
66%
71 334 Adrian
65%
94 162 Radosław
65%
63 408 Eryk
62%
30 1,031 Hubert
62%
86 202 Konrad
62%
82 225 Rafał
62%
36 911 Cezary
60%
14 2,569 Maksymilian
60%
18 2,360 Marcel
60%
80 249 Krystian
59%
16 2,510 Oliwier
59%
24 1,696 Oskar
59%
88 186 Przemysław
57%
32 1,020 Tadeusz
57%
66 363 Emil
56%
7 4,229 Ignacy
56%
52 553 Józef
56%
37 904 Henryk
54%
73 321 Jerzy
53%
22 1,853 Julian
51%
25 1,678 Miłosz
51%
34 928 Natan
51%
44 701 Artur
50%
56 494 Kuba
50%
27 1,555 Tymoteusz
50%
45 684 Alan
49%
97 150 Błażej
49%
23 1,720 Gabriel
47%
64 407 Olaf
47%
17 2,478 Tymon
46%
50 583 Kazimierz
43%
61 426 Kornel
41%
76 304 Ryszard
41%
83 219 Lucjan
38%
46 661 Fabian
37%
58 465 Stefan
35%
100 133 Edward
31%
89 185 Jeremi
31%
99 139 Ludwik
29%
35 923 Teodor
28%
85 204 Juliusz
26%
42 755 Ksawery
26%
65 395 Mieszko
26%
74 315 Remigiusz
26%
55 502 Borys
25%
29 1,089 Bruno
25%
93 164 Iwo
25%
53 525 Kajetan
25%
95 158 Albert
24%
68 358 Florian
24%
81 227 Nataniel
24%
60 427 Feliks
22%
67 359 Gustaw
22%
54 505 Witold
22%
70 349 Tobiasz
21%
96 155 Kordian
13%
72 332 Konstanty
12%
91 174 Beniamin
10%
51 580 Leonard
10%
90 184 Maurycy
10%
39 835 Milan
9%
98 149 Wincenty
6%
Nie znaleziono quizów pasujących do podanych kryteriów
Rozkład punktacji
Procent ludzi z każdym wynikiem
Percentyl według liczby udzielonych odpowiedzi
Twoja historia wyników
Nie rozwiązałeś tego quizu